000 00705nam a22001937a 4500
005 20240109150524.0
010 _aHIN-126696
020 _a9789389830958
_c1425.00
035 _aHN-99042
037 _bDBAD/PUB
082 _a821.08
100 _aवाजपेयी, अशोक
_960793
245 _aपहचान सीरीज इस संसार में /
250 _a1
260 _aनॉएडा
_bसेतु प्रकाशन प्रा. लि.
_c2023
270 _aसी-21, सेक्टर - 65
_bनॉएडा
_e201301
300 _a504 पृ.;
_c21 सेमी.(सजिल्द)
942 _2ddc
_cHN
_h821.08
_mवाजपेयी
999 _c200055
_d200055